000 01021nam a22002537a 4500
001 3310
003 FISKH
005 20241107111407.0
008 240226b cb ||||| |||| 00| 0 eng d
040 _aFISK
_beng
_cFISK
_dFISK
050 _aPZ7.S86037
082 _a813.54
100 _aStine R.L :
_d1943
245 _aNight of the living dummy /
_cR.L Stine
260 _aNew York :
_bScholastic,
_c1993
300 _a134 pages :
_b20 cm :
490 _3Goosebumps
501 _aK
520 _aJuvenile Fiction. Juvenile Literature. HTML: Something scary is happening in GOOSEBUMPS HORRORLAND, the all-new, all-terrifying series by R. L. Stine. Just how scary? You'll never know unless you crack open this classic prequel! Discover the fan-favorite thriller and chiller that first introduced the world to the wooden face of fear. The puppet who pulls all the strings. None other than Slappy the Dummy!
521 8 _a590
_bK
700 _aR.L Stine
856 _3Goosebumps
942 _2ddc
_cBK
_n0
999 _c3310
_d3310